000
00341nam a22001217a 4500
082
_a
297.246
_b
AHM
100
_a
,AhmedIshtiaq /اشتیاق احمد
245
_a
Samud ki tabahi/
_b
ثمود کی تباہی
260
_a
لاہور:
_b
دارالسلام پبلشرز,
_c
2005.
300
_a
24p. ;
563
_a
PB
942
_2
ddc
_c
BK
999
_c
614915
_d
614915